000
00398nam a22001577a 4500
003
MPLRDC
005
20220104114049.0
008
210129b ||||| |||| 00| 0 eng d
082
_a
192.8 WCC
100
_a
王朝聪主编
245
_a
历代名句欣赏
_c
杨淳淳插画
260
_a
_b
满庭芳出版社
_c
1990
300
_b
平
650
_a
格言; 箴言; 金言
942
_c
BK
_o
192.8 WCC
999
_c
4534
_d
4524